ბათუმის შოთა რუსთაველის სახელმწიფო უნივერსიტეტის ბიბლიოთეკა

ხიხანის საარწივოდან : (ბიბ.ჩანაწერი № 56863)

000 -ლიდერი
ფიქსირებული სიგრძის საკონტროლო ველი 01174nam a22002177a 4500
003 - საკონტროლო ნომრის იდენტიფიკატორი
საკონტროლო ველი Ge_BSU
005 - ბოლო ოპერაციის თარიღი და დრო
საკონტროლო ველი 20190521210003.0
008 - ფიქსირებული სიგრძის მონაცემთა ელემენტები - ზოგადი ინფორმაცია
ფიქსირებული სიგრძის საკონტროლო ველი 190521s1998 ge ||||| |||| 00| 0 geo d
041 ## - ენის კოდი
Language code of text/sound track or separate title geo
080 ## - უნივერსალური ათობითი კლასიფიკაციის ინდექსი
Universal Decimal Classification number 94(479.223) დ-90
100 ## - მთავარი ჩანაწერი - პიროვნების სახელი
Personal name დუმბაძე, სერგო.
9 (RLIN) 1492
245 ## - ცნობა სათაურის შესახებ
Title ხიხანის საარწივოდან :
Remainder of title დავით მამულაძე /
Statement of responsibility, etc სერგო დუმბაძე, ვლადიმერ მამულაძე ; რედ. ვახტანგ წულუკიძე.
264 ## - წარმოების, გამოცემის, დისტრიბუციის და სხვა ცნობები
გამოცემის, წარმოების, დისტრიბუციის... ადგილი ბათუმი :
გამოცემის, წარმოების, დისტრიბუციის... სახელწოდება "გამომცემლობა აჭარა",
გამოცემის, წარმოების, დისტრიბუციის... თარიღი 1998
300 ## - ფიზიკური აღწერა
Extent 479 გვ. :
Other physical details ფოტ. ;
Dimensions 21 სმ.
520 ## - SUMMARY, ETC.
Summary, etc რეზ. რუს. და ინგლ. ენებზე.
653 ## - INDEX TERM--UNCONTROLLED
Uncontrolled term აჭარის ისტორია
653 ## - INDEX TERM--UNCONTROLLED
Uncontrolled term საქართველოს სოფლების ისტორია.
653 ## - INDEX TERM--UNCONTROLLED
Uncontrolled term ქართული ოჯახების ისტორია
653 ## - INDEX TERM--UNCONTROLLED
Uncontrolled term გამოჩენილ ქართველ ადამიანთა ბიოგრაფიები.
942 ## - ADDED ENTRY ELEMENTS (KOHA)
Source of classification or shelving scheme
Koha item type წიგნი
ეგზემპლარები
ჩამოწერის სტატუსი დაკარგული ეგზემპლარის სტატუსი კლასიფიკაციის წყარო ან თაროზე გაწყობის სქემა დაზიანების სტატუსი არ გაიცემა მუდმივი მდებარეობა (დაცვის ადგილი) ამჟამინდელი ადგილსამყოფელი თაროზე განთავსების ადგილი შეძენის თარიღი ღირებულება, შესყიდვის ნორმალური ფასი სრული შენახვის შიფრი შტრიხკოდი ბოლო ოპერაციის თარიღი ეგზემპლარის მიმდევრობითი ნომერი (კეტერი?) ფასის ძალაში შესვლის თარიღი ეგზემპლარის სახეობა საჯარო შენიშვნა
          ბათუმის შოთა რუსთაველის სახელმწიფო უნივერსიტეტის მთავარი ბიბლიოთეკა ბათუმის შოთა რუსთაველის სახელმწიფო უნივერსიტეტის მთავარი ბიბლიოთეკა წიგნსაცავი 2019-05-21 15.00 94(479.223) დ-90 4294 2019-05-21 4294 2019-05-21 წიგნი 15 ლ.